[Event "VIII. hagymatikum Kupa „B”"]
[Site "Makó, Korona Hotel"]
[Date "2019.06.01"]
[Round "4.1"]
[White "Marta, Dominik"]
[Black "Bacsi, Kristof"]
[Result "1-0"]
[WhiteElo "2133"]
[BlackElo "1695"]
[PlyCount "87"]
[EventDate "2019.05.30"]

1. Nf3 Nf6 2. g3 d5 3. d4 c5 4. c3 cxd4 5. cxd4 Nc6 6. Nc3 e6 7. Bg2 Be7 8. O-O
O-O 9. Ne5 Nxe5 10. dxe5 Nd7 11. f4 Bc5+ 12. Kh1 Nb6 13. Qc2 Bd7 14. Nxd5 Rc8
15. Nc3 Bc6 16. e4 Qe7 17. f5 exf5 18. exf5 Qxe5 19. f6 Bd4 20. fxg7 Kxg7 21.
Bf4 Qe6 22. Rae1 Bxg2+ 23. Qxg2 Qc4 24. Ne4 Qd5 25. Qh3 Rc6 26. Qg4+ Rg6 27.
Qf3 Bxb2 28. h4 Kg8 29. Rb1 Re6 30. Rfe1 Qd4 31. Rbd1 Qg7 32. Nd6 Rxe1+ 33.
Rxe1 Qc3 34. Qg4+ Qg7 35. Qh5 Qg6 36. Qb5 Bc3 37. Re3 Bd4 38. Nf5 Bf6 39. Bh6
Qg4 40. Bxf8 Qd1+ 41. Kh2 Qc2+ 42. Re2 Qc7 43. Qe8 h5 44. Be7+ 1-0

[Event "VIII. hagymatikum Kupa „B”"]
[Site "Makó, Korona Hotel"]
[Date "2019.06.01"]
[Round "4.2"]
[White "Abraham, Lajos"]
[Black "Retkes, Peter"]
[Result "1-0"]
[WhiteElo "1662"]
[BlackElo "2101"]
[PlyCount "117"]
[EventDate "2019.05.30"]

1. c4 Nf6 2. Nc3 c5 3. Nf3 g6 4. e4 d6 5. d4 cxd4 6. Nxd4 Bg7 7. Be2 Nc6 8. Be3
Bd7 9. Qd2 Rc8 10. O-O O-O 11. Rad1 a6 12. f3 Re8 13. Nxc6 Bxc6 14. Nd5 Nd7 15.
Nb4 Qc7 16. Nxc6 Qxc6 17. Bd4 Bxd4+ 18. Qxd4 Qb6 19. Qxb6 Nxb6 20. b3 Rc7 21.
f4 Rd8 22. Bf3 Nc8 23. a4 b6 24. Rf2 a5 25. Rfd2 Rc5 26. e5 Re8 27. Re2 Kf8 28.
Bb7 dxe5 29. fxe5 e6 30. Bxc8 Rexc8 31. Rd6 R8c6 32. Rd7 Rc7 33. Rd6 R5c6 34.
Rd8+ Kg7 35. Kf2 f6 36. exf6+ Kxf6 37. Ke3 Rc5 38. Kd4 R7c6 39. Rf8+ Ke7 40.
Rh8 Rd6+ 41. Ke4 h5 42. Rh7+ Kf6 43. Rf2+ Rf5 44. Rxf5+ gxf5+ 45. Ke3 Kg6 46.
Rc7 Kf6 47. c5 bxc5 48. Rxc5 Rd5 49. Rxd5 exd5 50. b4 axb4 51. a5 f4+ 52. Kd4
h4 53. h3 b3 54. Kc3 Ke5 55. a6 f3 56. gxf3 Kf4 57. a7 Kg3 58. a8=Q Kxh3 59.
Qxd5 1-0

[Event "VIII. hagymatikum Kupa „B”"]
[Site "Makó, Korona Hotel"]
[Date "2019.06.01"]
[Round "4.3"]
[White "Kralik, Attila"]
[Black "Berta, Sandor"]
[Result "0-1"]
[WhiteElo "1631"]
[BlackElo "2062"]
[PlyCount "88"]
[EventDate "2019.05.30"]

1. Nf3 c5 2. g3 Nc6 3. Bg2 g6 4. d3 Bg7 5. Nc3 Nf6 6. O-O O-O 7. Bf4 d6 8. e4
e5 9. Bd2 Rb8 10. h3 b5 11. Nh2 Qb6 12. Ng4 Nxg4 13. hxg4 Ne7 14. g5 b4 15. Ne2
Bg4 16. f3 c4+ 17. Kh2 cxd3 18. cxd3 Be6 19. Qe1 Rfc8 20. Nc1 Rc2 21. Be3 Qb7
22. Rf2 Rbc8 23. Bh3 Bxh3 24. Kxh3 d5 25. Qd1 Rxf2 26. Bxf2 d4 27. Nb3 h6 28.
Rc1 hxg5 29. Be1 Rc6 30. Rc4 Rxc4 31. dxc4 Qc8+ 32. g4 Qxc4 33. Na5 Qb5 34. Nb3
Nc6 35. Kg3 Bf8 36. Bd2 Be7 37. Nc1 a5 38. Qb3 a4 39. Qd5 Qxd5 40. exd5 Nb8 41.
Nd3 Na6 42. Nxe5 Bd6 43. f4 gxf4+ 44. Bxf4 g5 0-1

[Event "VIII. hagymatikum Kupa „B”"]
[Site "Makó, Korona Hotel"]
[Date "2019.06.01"]
[Round "4.4"]
[White "Vamosi, Peter Istvan"]
[Black "Kocsmar, Akos"]
[Result "0-1"]
[WhiteElo "1626"]
[BlackElo "1769"]
[PlyCount "52"]
[EventDate "2019.05.30"]

1. Nf3 d5 2. g3 Nf6 3. Bg2 e6 4. d3 Be7 5. O-O O-O 6. Bf4 Nbd7 7. Re1 c5 8. c4
b6 9. Nc3 Bb7 10. cxd5 Nxd5 11. Nxd5 exd5 12. d4 Nf6 13. Rc1 Rc8 14. Bh3 Ra8
15. Ne5 Re8 16. Qa4 Bd6 17. Nd3 Bxf4 18. Nxf4 c4 19. b3 g5 20. bxc4 gxf4 21.
gxf4 dxc4 22. Qxc4 Nd5 23. e3 Qd6 24. Kf1 Nb4 25. Qc7 Qd5 26. Qc4 Ba6 0-1

[Event "VIII. hagymatikum Kupa „B”"]
[Site "Makó, Korona Hotel"]
[Date "2019.06.01"]
[Round "4.5"]
[White "Kakuk, Sandor"]
[Black "K. Szabo, Jozsef"]
[Result "1-0"]
[WhiteElo "2163"]
[BlackElo "1699"]
[PlyCount "39"]
[EventDate "2019.05.30"]

1. d4 Nf6 2. Nc3 d5 3. Bg5 Nbd7 4. Nf3 e6 5. e4 dxe4 6. Nxe4 Be7 7. Nxf6+ Bxf6
8. Qd2 O-O 9. O-O-O c6 10. h4 Re8 11. Bd3 a5 12. g4 Nf8 13. Bxf6 Qxf6 14. Ne5
c5 15. g5 Qe7 16. dxc5 Qxc5 17. Qf4 Re7 18. h5 b5 19. h6 Nd7 20. Bxh7+ 1-0

[Event "VIII. hagymatikum Kupa „B”"]
[Site "Makó, Korona Hotel"]
[Date "2019.06.01"]
[Round "4.6"]
[White "Restas, Peter"]
[Black "Lovaszi, Szabolcs"]
[Result "1-0"]
[WhiteElo "2086"]
[BlackElo "1667"]
[PlyCount "77"]
[EventDate "2019.05.30"]

1. c4 g6 2. Nc3 Bg7 3. g3 c5 4. Bg2 d6 5. a3 Nc6 6. Rb1 Bf5 7. d3 Rb8 8. Bd2
Nf6 9. h3 h5 10. Nf3 Qc8 11. b4 Nd7 12. Nh4 Be6 13. Ne4 Nd4 14. Ng5 Ne5 15. f4
Nec6 16. bxc5 dxc5 17. e3 Nf5 18. Nxe6 Qxe6 19. Nxf5 gxf5 20. h4 b6 21. Kf2 Rd8
22. Rb3 Nb8 23. Bf3 Qg6 24. Bc3 Nd7 25. Bxg7 Qxg7 26. Bxh5 Nf6 27. Bf3 Ne4+ 28.
Bxe4 fxe4 29. Qa1 Qxa1 30. Rxa1 exd3 31. Rd1 d2 32. Rb2 e6 33. Rbxd2 Rxd2+ 34.
Rxd2 Ke7 35. e4 f6 36. Kf3 a6 37. a4 f5 38. e5 Kf7 39. Rd7+ 1-0

[Event "VIII. hagymatikum Kupa „B”"]
[Site "Makó, Korona Hotel"]
[Date "2019.06.01"]
[Round "4.7"]
[White "Oltean, Cristian-Daniel"]
[Black "Balint, Richard"]
[Result "1/2-1/2"]
[WhiteElo "1689"]
[BlackElo "2043"]
[PlyCount "75"]
[EventDate "2019.05.30"]

1. e4 e6 2. d3 d5 3. Nd2 Nf6 4. Ngf3 c5 5. g3 b6 6. Bg2 Bb7 7. e5 Nfd7 8. O-O
Nc6 9. Re1 Qc7 10. Qe2 g6 11. Nf1 Bg7 12. Bf4 h6 13. h4 O-O 14. N1h2 Kh7 15.
Ng4 Ne7 16. Nf6+ Kh8 17. Qd2 h5 18. Bh3 d4 19. Bg2 Nd5 20. Ng5 Bxf6 21. exf6 e5
22. Bxd5 Bxd5 23. Bxe5 Nxe5 24. c4 dxc3 25. bxc3 Ng4 26. c4 Bc6 27. Re7 Qd6 28.
Nxf7+ Rxf7 29. Rxf7 Qe6 30. Re7 Qxf6 31. Rae1 Rf8 32. R1e6 Qa1+ 33. Qe1 Qxe1+
34. Rxe1 Rxf2 35. R1e6 Bf3 36. Rxg6 Rxa2 37. Rge6 Rd2 38. Re8+ 1/2-1/2

[Event "VIII. hagymatikum Kupa „B”"]
[Site "Makó, Korona Hotel"]
[Date "2019.06.01"]
[Round "4.8"]
[White "Marjanovic, Gyorgy"]
[Black "Kardos, Levente"]
[Result "1-0"]
[WhiteElo "2035"]
[BlackElo "1629"]
[PlyCount "131"]
[EventDate "2019.05.30"]

1. e4 e6 2. d4 d5 3. e5 c5 4. c3 Nc6 5. Nf3 Qb6 6. Bd3 cxd4 7. cxd4 Nh6 8. O-O
Nf5 9. Bxf5 exf5 10. Nc3 Be6 11. b3 Rc8 12. Bb2 Qd8 13. Rc1 g5 14. Na4 g4 15.
Ne1 b6 16. Nd3 Qg5 17. Rc2 Bh6 18. Bc1 Qg7 19. Nf4 Bg5 20. Be3 Bxf4 21. Bxf4
O-O 22. Qd2 Qg6 23. Rfc1 Bd7 24. Nc3 Nb4 25. Rb2 Qe6 26. a3 Na6 27. Bg5 Nc7 28.
Bf6 f4 29. Ne2 Qf5 30. Nxf4 Rfe8 31. Rbc2 Ne6 32. Nxd5 Rxc2 33. Qxc2 Nxd4 34.
Qxf5 Bxf5 35. Rc7 Be6 36. Nf4 Bxb3 37. Rd7 Rc8 38. h4 Ne6 39. Nxe6 Bxe6 40.
Rxa7 b5 41. Kh2 h5 42. Kg3 Kh7 43. Rb7 Rc3+ 44. Kf4 Rxa3 45. Kg5 Ra8 46. Rxb5
Rg8+ 47. Kxh5 Bf5 48. Rb4 Be6 49. Bg5 Bf5 50. Rf4 Be6 51. Rxg4 Bxg4+ 52. Kxg4
Rg6 53. Kf5 Kg7 54. g4 Kh7 55. f4 Rc6 56. h5 Rb6 57. Be7 Kh6 58. Bf8+ Kh7 59.
g5 Rc6 60. Bd6 Rb6 61. Kf6 Kg8 62. g6 fxg6 63. hxg6 Rb7 64. f5 Rg7 65. Kg5 Rd7
66. f6 1-0

[Event "VIII. hagymatikum Kupa „B”"]
[Site "Makó, Korona Hotel"]
[Date "2019.06.01"]
[Round "4.9"]
[White "Tornyai, Jeno"]
[Black "Vadkerti, Vince"]
[Result "0-1"]
[WhiteElo "1860"]
[BlackElo "1509"]
[PlyCount "110"]
[EventDate "2019.05.30"]

1. d4 d5 2. Nc3 c6 3. e4 dxe4 4. Nxe4 Nd7 5. Qe2 e6 6. Bf4 Ndf6 7. O-O-O Nxe4
8. Qxe4 Nf6 9. Qe5 Be7 10. Nf3 O-O 11. h3 b5 12. Qc7 Qxc7 13. Bxc7 Ne4 14. Re1
Ng5 15. Ne5 Bb7 16. f4 Rfc8 17. Ba5 f6 18. Nd7 Nf7 19. Rxe6 Bd6 20. f5 Re8 21.
c4 b4 22. c5 Bf4+ 23. Kc2 Ng5 24. Rxe8+ Rxe8 25. Bc4+ Kh8 26. h4 Ne4 27. Re1
Bc8 28. Be6 Ng3 29. Bxb4 Rd8 30. Ba5 Rxd7 31. Bxd7 Bxd7 32. Re7 Bxf5+ 33. Kb3
Kg8 34. d5 cxd5 35. c6 Kf8 36. Bb4 Kg8 37. c7 Bxc7 38. Rxc7 Ne2 39. Rxa7 Nd4+
40. Ka4 Bg6 41. Rd7 Be8 42. Bc5 Bxd7+ 43. Ka5 Nc6+ 44. Kb6 d4 45. a4 d3 46. Be3
Nb4 47. a5 Nd5+ 48. Kb7 Nxe3 49. a6 Bc8+ 50. Kxc8 d2 51. a7 d1=Q 52. a8=Q Qd6
53. b4 Qf8+ 54. Kb7 Qxa8+ 55. Kxa8 Nd5 0-1

[Event "VIII. hagymatikum Kupa „B”"]
[Site "Makó, Korona Hotel"]
[Date "2019.06.01"]
[Round "4.10"]
[White "Turcsanyi, Vince Gergo"]
[Black "Ats, Laszlo Gyorgy"]
[Result "1-0"]
[WhiteElo "1816"]
[BlackElo "1969"]
[PlyCount "48"]
[EventDate "2019.05.30"]

1. e4 d5 2. exd5 Qxd5 3. Nc3 Qa5 4. d4 Nf6 5. Bd2 c6 6. Bc4 Bf5 7. Nf3 e6 8.
O-O Nbd7 9. d5 cxd5 10. Nxd5 Qc5 11. Nxf6+ gxf6 12. Bb3 Rg8 13. Bf4 O-O-O 14.
Qe2 Bg4 15. Rfd1 Qc6 16. Bg3 Bc5 17. a4 h5 18. Kh1 h4 19. Bxh4 Ne5 20. Rxd8+
Rxd8 21. Nxe5 Bxe2 22. Nxc6 bxc6 23. Bxf6 Rg8 24. Re1 Bxf2 1-0

[Event "VIII. hagymatikum Kupa „B”"]
[Site "Makó, Korona Hotel"]
[Date "2019.06.01"]
[Round "4.11"]
[White "Csikos, Mihaly"]
[Black "Csibor, Andras"]
[Result "1-0"]
[WhiteElo "2044"]
[BlackElo "1786"]
[PlyCount "55"]
[EventDate "2019.05.30"]

1. e4 e6 2. d4 d5 3. Nc3 dxe4 4. Nxe4 Be7 5. Nf3 Nf6 6. Bd3 Nbd7 7. O-O b6 8.
c3 Bb7 9. Ng3 O-O 10. Bc2 c5 11. Bf4 Nd5 12. Bd2 Bf6 13. Ne4 cxd4 14. Nxf6+
N5xf6 15. Nxd4 Ne5 16. Qe2 Qd5 17. f3 Ng6 18. Bb3 Qh5 19. Qf2 Nd5 20. f4 Qh4
21. f5 Qxf2+ 22. Rxf2 exf5 23. Nxf5 Nf6 24. Nh6+ gxh6 25. Rxf6 Kg7 26. Raf1
Rad8 27. Rxf7+ Kh8 28. Bxh6 1-0

[Event "VIII. hagymatikum Kupa „B”"]
[Site "Makó, Korona Hotel"]
[Date "2019.06.01"]
[Round "4.12"]
[White "Torok, Csaba"]
[Black "Fabian Nagy, Sandor"]
[Result "0-1"]
[WhiteElo "1579"]
[BlackElo "2021"]
[PlyCount "58"]
[EventDate "2019.05.30"]

1. e4 c5 2. Nf3 e6 3. d4 cxd4 4. Nxd4 a6 5. Nc3 Qc7 6. Bd3 Nf6 7. O-O Be7 8.
Qe2 d6 9. Kh1 b6 10. f4 Nbd7 11. Bd2 Bb7 12. a4 O-O 13. f5 e5 14. Nb3 Rfd8 15.
Bg5 Nc5 16. Nxc5 dxc5 17. Bxf6 Bxf6 18. Bc4 a5 19. Rfd1 Bg5 20. Bd5 Bxd5 21.
Nxd5 Qd6 22. Qg4 f6 23. Qe2 Kf8 24. Qb5 Rab8 25. b3 g6 26. fxg6 hxg6 27. Rd3
Qe6 28. Rad1 Qg4 29. Nc7 Qxd1+ 0-1

[Event "VIII. hagymatikum Kupa „B”"]
[Site "Makó, Korona Hotel"]
[Date "2019.06.01"]
[Round "4.13"]
[White "Molnar, Gabor"]
[Black "Balogh, Gyula"]
[Result "1-0"]
[WhiteElo "1999"]
[BlackElo "1372"]
[PlyCount "75"]
[EventDate "2019.05.30"]

1. d4 d5 2. Bf4 Nf6 3. e3 e6 4. Nd2 Bd6 5. Bg3 b6 6. c3 Ba6 7. Bxa6 Nxa6 8.
Qa4+ Qd7 9. Qxa6 O-O 10. Qd3 Be7 11. Ngf3 Rac8 12. Ne5 Qe8 13. Bh4 Ng4 14. Bxe7
Nxe5 15. dxe5 Qxe7 16. O-O f5 17. f4 h6 18. Qe2 g5 19. Kh1 g4 20. a4 a5 21.
Rfb1 c5 22. b4 c4 23. bxa5 bxa5 24. Qd1 Rb8 25. Kg1 h5 26. Qc2 Qc5 27. Kf2 Qa7
28. Rxb8 Rxb8 29. Rb1 Rc8 30. Rb5 Rb8 31. Qb2 Rxb5 32. axb5 Qb6 33. Nb1 Kf7 34.
Na3 h4 35. Nc2 a4 36. Nd4 Ke8 37. Qb4 Kd7 38. Qxa4 1-0

[Event "VIII. hagymatikum Kupa „B”"]
[Site "Makó, Korona Hotel"]
[Date "2019.06.01"]
[Round "4.14"]
[White "Fridrik, Richard"]
[Black "Hajdu, Istvan"]
[Result "0-1"]
[WhiteElo "1786"]
[BlackElo "1900"]
[PlyCount "70"]
[EventDate "2019.05.30"]

1. e4 Nc6 2. Nf3 f5 3. e5 d6 4. Bb5 a6 5. Bxc6+ bxc6 6. Qe2 e6 7. d4 d5 8. c4
c5 9. Bg5 Qd7 10. cxd5 exd5 11. Nc3 h6 12. Bf4 Qe6 13. h4 g6 14. O-O c4 15. Na4
Qc6 16. Qc2 Be6 17. b3 Rd8 18. Rfd1 Rh7 19. Ne1 Bd7 20. Nb2 g5 21. hxg5 hxg5
22. Bxg5 Be7 23. f4 Nh6 24. bxc4 Bxg5 25. fxg5 Ng4 26. Rd3 Rb8 27. Rg3 Rh5 28.
Qc3 dxc4 29. Qxc4 Rxb2 30. Qg8+ Ke7 31. Qg7+ Kd8 32. Qg8+ Be8 33. Nf3 Rxg2+ 34.
Rxg2 Qxf3 35. Rf1 Rh1+ 0-1

[Event "VIII. hagymatikum Kupa „B”"]
[Site "Makó, Korona Hotel"]
[Date "2019.06.01"]
[Round "4.15"]
[White "Farkas, Virag"]
[Black "Varga, Gabor"]
[Result "1-0"]
[WhiteElo "1458"]
[BlackElo "1855"]
[PlyCount "107"]
[EventDate "2019.05.30"]

1. d4 c5 2. e3 e6 3. c3 d5 4. Bd3 Nf6 5. Nf3 Nc6 6. Nbd2 Qc7 7. O-O c4 8. Bc2
Bd6 9. e4 Be7 10. e5 Nd7 11. Re1 Nf8 12. Ba4 Bd7 13. Nf1 a6 14. Bxc6 Bxc6 15.
Bf4 Ng6 16. Bg3 h5 17. h4 Qd8 18. N1d2 Bxh4 19. Bxh4 Nxh4 20. Nxh4 Qxh4 21. Nf3
Qg4 22. Nh2 Qxd1 23. Raxd1 Ke7 24. Re3 Ba4 25. Rd2 Rac8 26. Nf3 Rb8 27. Ng5 a5
28. Rf3 f6 29. exf6+ gxf6 30. Nh3 Rh6 31. Nf4 Kd6 32. Re3 Re8 33. Rh3 h4 34.
Re3 Bc6 35. Re1 e5 36. dxe5+ Rxe5 37. Red1 Kc5 38. Rd4 b5 39. a3 f5 40. f3 Rd6
41. Kf1 b4 42. axb4+ axb4 43. cxb4+ Kxb4 44. Nd3+ Kb3 45. Nxe5 Bb7 46. Kf2 Ra6
47. Nd7 Kb4 48. b3 Ra2+ 49. Kg1 Bc6 50. Ne5 Bb5 51. bxc4 dxc4 52. Rc1 Kc5 53.
Rd3 Kb4 54. Rdc3 1-0

[Event "VIII. hagymatikum Kupa „B”"]
[Site "Makó, Korona Hotel"]
[Date "2019.06.01"]
[Round "4.16"]
[White "Varga, Szilvia"]
[Black "Illes, David Mark"]
[Result "0-1"]
[WhiteElo "1430"]
[BlackElo "1846"]
[PlyCount "52"]
[EventDate "2019.05.30"]

1. e4 e6 2. d4 d5 3. exd5 exd5 4. Nf3 Nc6 5. h3 Bd6 6. Nc3 Nge7 7. Bd3 Be6 8.
Be3 Qd7 9. Qd2 Nb4 10. O-O-O Nxd3+ 11. Qxd3 Bf5 12. Qe2 c6 13. g4 Bg6 14. Nh4
O-O-O 15. f4 h5 16. Nxg6 Nxg6 17. f5 Ne7 18. Qf3 Rde8 19. Bf4 Ng8 20. Rde1 Nf6
21. a3 hxg4 22. hxg4 Rxh1 23. Rxh1 Ne4 24. Bxd6 Qxd6 25. Re1 Qh6+ 26. Kd1 Qd2#
0-1

[Event "VIII. hagymatikum Kupa „B”"]
[Site "Makó, Korona Hotel"]
[Date "2019.06.01"]
[Round "4.17"]
[White "Marko, Arpad"]
[Black "Panda, Gyorgy"]
[Result "0-1"]
[WhiteElo "1836"]
[BlackElo "1653"]
[PlyCount "84"]
[EventDate "2019.05.30"]

1. e4 c5 2. Nf3 e6 3. d4 cxd4 4. Nxd4 a6 5. Bd3 Nf6 6. Nc3 Qc7 7. O-O b5 8.
Bxb5 axb5 9. Ndxb5 Qe5 10. g3 Ba6 11. Bf4 Qc5 12. Nc7+ Kd8 13. Nxa8 e5 14. Be3
Qc6 15. Re1 Qxa8 16. Nd5 Nxd5 17. exd5 d6 18. Qd2 Nd7 19. Qa5+ Ke8 20. b4 Bb7
21. Qxa8+ Bxa8 22. c4 Be7 23. a4 f5 24. a5 g5 25. f4 gxf4 26. gxf4 Rg8+ 27. Kh1
exf4 28. Bxf4 Kf7 29. h3 Bf6 30. Ra3 Be5 31. Rf3 Kf6 32. Kh2 Nf8 33. Ref1 Rg5
34. Bxe5+ dxe5 35. a6 f4 36. b5 Nd7 37. Rb1 Nb6 38. Rc3 e4 39. Rg1 e3 40. Rxg5
Kxg5 41. Kg2 Kf5 42. Kf3 Nxc4 0-1

[Event "VIII. hagymatikum Kupa „B”"]
[Site "Makó, Korona Hotel"]
[Date "2019.06.01"]
[Round "4.18"]
[White "Martonosi, Adam"]
[Black "Marjanovic, Alex"]
[Result "1-0"]
[WhiteElo "1944"]
[BlackElo "1608"]
[PlyCount "67"]
[EventDate "2019.05.30"]

1. c4 e6 2. g3 d5 3. Nf3 Nf6 4. Bg2 Be7 5. O-O O-O 6. d4 c6 7. Nc3 Nbd7 8. Bg5
h6 9. Bf4 b6 10. Qb3 Ba6 11. cxd5 exd5 12. Rac1 Bb7 13. Rfe1 Rc8 14. a3 c5 15.
Qa2 c4 16. b3 Ba6 17. Nd2 cxb3 18. Qxb3 Bc4 19. Nxc4 dxc4 20. Qa4 a5 21. Nb5
Ne8 22. Na7 Bd6 23. Nxc8 Bxf4 24. gxf4 Qxc8 25. Rxc4 Qd8 26. Qc6 b5 27. Rc2 b4
28. axb4 axb4 29. Rb2 Nb8 30. Qc4 Nd6 31. Qxb4 Na6 32. Qb6 Nc4 33. Qxd8 Rxd8
34. Rc2 1-0

[Event "VIII. hagymatikum Kupa „B”"]
[Site "Makó, Korona Hotel"]
[Date "2019.06.01"]
[Round "4.19"]
[White "Kiss, Laszlo"]
[Black "Csikos, Adam"]
[Result "1-0"]
[WhiteElo "1850"]
[BlackElo "1316"]
[PlyCount "69"]
[EventDate "2019.05.30"]

1. e4 c5 2. Nf3 Nc6 3. d4 cxd4 4. Nxd4 d5 5. Bb5 dxe4 6. Nxc6 Qxd1+ 7. Kxd1 a6
8. Ba4 Bd7 9. Nc3 Bxc6 10. Bxc6+ bxc6 11. Nxe4 Rd8+ 12. Ke2 Rd5 13. Re1 g6 14.
Be3 Bg7 15. c4 Rh5 16. h3 Nf6 17. Nc5 a5 18. Rh1 Bh6 19. Bd4 Rg5 20. g4 e5 21.
Be3 O-O 22. f3 Re8 23. h4 Rxg4 24. fxg4 Bxe3 25. Kxe3 Nxg4+ 26. Ke2 h5 27. Rad1
Rb8 28. b3 f5 29. Rd6 Kh7 30. Rhd1 Rf8 31. Ne6 Re8 32. Rxc6 e4 33. Rd7+ Kh6 34.
Ng5 Ne5 35. Rh7# 1-0

[Event "VIII. hagymatikum Kupa „B”"]
[Site "Makó, Korona Hotel"]
[Date "2019.06.01"]
[Round "4.20"]
[White "Panda, Barnabas"]
[Black "Farkas, Imre"]
[Result "1-0"]
[WhiteElo "1722"]
[BlackElo "1446"]
[PlyCount "95"]
[EventDate "2019.05.30"]

1. d4 d5 2. c4 dxc4 3. Nf3 Nf6 4. e3 b5 5. a4 c6 6. b3 Be6 7. axb5 cxb3 8. Nbd2
Qb6 9. Nc4 Bxc4 10. Bxc4 cxb5 11. Qxb3 Nbd7 12. Bxf7+ Kd8 13. Bc4 Rb8 14. Bd3
e6 15. Bd2 Ke8 16. O-O Be7 17. Rfb1 a6 18. Ba5 Qc6 19. Rc1 Qd5 20. Qxd5 Nxd5
21. Rc6 Kf7 22. Rxa6 Rhc8 23. Bd2 h6 24. Kf1 b4 25. e4 Nc3 26. Bxc3 Rxc3 27.
Ke2 b3 28. Rb1 b2 29. Ra2 Ba3 30. Kd2 Bb4 31. Raxb2 Rb3+ 32. Ke2 Rxb2+ 33. Rxb2
Bd6 34. Rxb8 Bxb8 35. g3 Kf6 36. Nd2 g5 37. e5+ Ke7 38. f4 Kf7 39. Ne4 gxf4 40.
gxf4 Bc7 41. Nc5 Nf8 42. Kf3 Bb6 43. Kg4 Bxc5 44. dxc5 Nd7 45. c6 Nb6 46. c7
Nc8 47. Ba6 Ne7 48. c8=Q 1-0

[Event "VIII. hagymatikum Kupa „B”"]
[Site "Makó, Korona Hotel"]
[Date "2019.06.01"]
[Round "4.21"]
[White "Csiki, Laszlo Levente"]
[Black "Csomos, Janos"]
[Result "1-0"]
[WhiteElo "1222"]
[BlackElo "1693"]
[PlyCount "105"]
[EventDate "2019.05.30"]

1. e4 e6 2. d4 d5 3. exd5 exd5 4. c4 Nf6 5. Nf3 Bg4 6. Qb3 b6 7. Bg5 Qe7+ 8.
Ne5 Qb4+ 9. Qxb4 Bxb4+ 10. Nc3 Ne4 11. Bd2 Nxd2 12. Kxd2 dxc4 13. Nxg4 Nc6 14.
a3 Nxd4 15. Bxc4 Bd6 16. Rhe1+ Kd7 17. Ne5+ Bxe5 18. Rxe5 c6 19. Rd1 Rad8 20.
Ke3 c5 21. Bxf7 Rhf8 22. Bc4 Kc8 23. Ba6+ Kb8 24. f3 Rd7 25. Bb5 Rdf7 26. Bc4
Rd7 27. Bb5 Rdf7 28. Kf2 Kb7 29. Re8 a6 30. Rxf8 Rxf8 31. Bc4 b5 32. Bd5+ Kc7
33. b4 Kd6 34. Rd2 Rc8 35. Ke3 Nf5+ 36. Ke4 cxb4 37. Bb7+ Kc7 38. Bxc8 bxc3 39.
Rc2 Nd6+ 40. Kd4 Kxc8 41. Rxc3+ Kb7 42. Kd5 Nf5 43. g4 Ne7+ 44. Kd6 Ng6 45.
Rc7+ Kb6 46. Rxg7 a5 47. Rxh7 b4 48. axb4 axb4 49. Rc7 Ne5 50. Kxe5 Kxc7 51.
Kd4 Kb6 52. Kc4 Ka5 53. Kb3 1-0

[Event "VIII. hagymatikum Kupa „B”"]
[Site "Makó, Korona Hotel"]
[Date "2019.06.01"]
[Round "4.23"]
[White "Szekely, Eniko Anna"]
[Black "Toth, Lili"]
[Result "0-1"]
[WhiteElo "1337"]
[BlackElo "1464"]
[PlyCount "52"]
[EventDate "2019.05.30"]

1. d4 Nf6 2. Bf4 d5 3. e3 c5 4. Nf3 Nc6 5. Be2 Qb6 6. b3 Bf5 7. O-O e6 8. dxc5
Bxc5 9. Bd3 Bg4 10. Nbd2 e5 11. Be2 exf4 12. exf4 O-O 13. c4 d4 14. Nxd4 Bxd4
15. Rc1 Bxe2 16. Qxe2 Rfe8 17. Qf3 Qc5 18. Rce1 Qh5 19. Qd3 Qc5 20. Nf3 Rxe1
21. Nxe1 Re8 22. Nf3 Re4 23. Nxd4 Qxd4 24. Qg3 Nh5 25. Qg5 Nxf4 26. Qb5 Ne2+
0-1